[Event "Titled Tuesday intern op 06th Feb Early"]
[Site "Chess.com INT"]
[Date "2024.02.06"]
[Round "4"]
[White "Akhmedinov, Satbek"]
[Black "Barath, Kalyan M"]
[Result "1-0"]
[WhiteElo "2321"]
[BlackElo "2051"]
[PlyCount "87"]
[EventDate "2024.02.06"]
[EventType "swiss (blitz)"]
[EventRounds "11"]
[EventCountry "USA"]
[SourceTitle "CB07_2024"]
[SourceDate "2024.02.14"]
[SourceVersion "1"]
[SourceVersionDate "2024.02.14"]
[SourceQuality "1"]

1. e4 d6 2. d4 Nf6 3. Nc3 e5 4. Nf3 Nbd7 5. dxe5 dxe5 6. Bc4 Be7 7. a4 c6 8. 0-0 0-0 9. a5 h6 10. Nh4 Re8 11. Nf5 Bf8 12. Qf3 Qc7 13. Bxh6 gxh6 14. Qg3+ Kh8 15. Bxf7 Nc5 16. Bxe8 Nxe8 17. Nh4 Bg7 18. f4 exf4 19. Rxf4 Nf6 20. Raf1 Be6 21. Rxf6 Qxg3 22. hxg3 Bxf6 23. Rxf6 Kg7 24. Rg6+ Kh7 25. b4 Bf7 26. Rf6 Kg7 27. Rxf7+ Kxf7 28. bxc5 Rd8 29. Nf5 Rd2 30. Ne3 Ke6 31. Kf1 Rd4 32. Ke2 Rb4 33. Kd3 h5 34. Nf5 Kf6 35. Nd4 Ke5 36. Nf3+ Ke6 37. a6 bxa6 38. Nd4+ Kd7 39. e5 a5 40. e6+ Kc7 41. Ne4 a4 42. e7 Rb8 43. Nf6 a3 44. e8Q 1-0

[Event "Titled Tuesday intern op 06th Feb Early"]
[Site "Chess.com INT"]
[Date "2024.02.06"]
[Round "2"]
[White "Barath, Kalyan M"]
[Black "Hernandez Santos, David Alejandro"]
[Result "1-0"]
[WhiteElo "2051"]
[BlackElo "1430"]
[PlyCount "91"]
[EventDate "2024.02.06"]
[EventType "swiss (blitz)"]
[EventRounds "11"]
[EventCountry "USA"]
[SourceTitle "CB07_2024"]
[SourceDate "2024.02.14"]
[SourceVersion "1"]
[SourceVersionDate "2024.02.14"]
[SourceQuality "1"]

1. Nf3 e6 2. e3 Nf6 3. c4 d5 4. Nc3 Be7 5. b3 c5 6. Bb2 0-0 7. cxd5 exd5 8. d4 Nc6 9. dxc5 Bxc5 10. a3 Be6 11. Nb5 a6 12. Nbd4 Nxd4 13. Nxd4 Bxd4 14. Qxd4 Qa5+ 15. b4 Qd8 16. Be2 Qe7 17. h4 Ne8 18. h5 Qf6 19. Qxf6 Nxf6 20. Bxf6 gxf6 21. Rh4 f5 22. Rd4 Kg7 23. Rad1 Kf6 24. Bf3 Rfd8 25. Bxd5 Bxd5 26. Rxd5 Rxd5 27. Rxd5 Rc8 28. Kd2 Ke6 29. Rd4 Rg8 30. g3 Rg5 31. Rc4 Kd6 32. Rc5 Rxh5 33. g4 Rg5 34. Rxf5 Rxf5 35. gxf5 Ke5 36. Ke2 Kxf5 37. Kf3 Ke5 38. e4 h5 39. Ke3 f5 40. f4+ Ke6 41. e5 Kd5 42. Kf3 Ke6 43. Kg3 Kd5 44. Kh4 Ke4 45. e6 Kxf4 46. e7 1-0

[Event "Titled Tuesday intern op 06th Feb Early"]
[Site "Chess.com INT"]
[Date "2024.02.06"]
[Round "3"]
[White "Barath, Kalyan M"]
[Black "Sierra Vallina, Lionel"]
[Result "0-1"]
[WhiteElo "2051"]
[BlackElo "2275"]
[PlyCount "130"]
[EventDate "2024.02.06"]
[EventType "swiss (blitz)"]
[EventRounds "11"]
[EventCountry "USA"]
[SourceTitle "CB07_2024"]
[SourceDate "2024.02.14"]
[SourceVersion "1"]
[SourceVersionDate "2024.02.14"]
[SourceQuality "1"]

1. Nf3 d5 2. e3 Nf6 3. b3 Bf5 4. Bb2 e6 5. d3 h6 6. Nbd2 Be7 7. Be2 0-0 8. 0-0 Nbd7 9. a3 c6 10. c4 Re8 11. Ne5 Bd6 12. Ndf3 Qc7 13. d4 Ng4 14. Nxg4 Bxg4 15. h3 Bf5 16. Bd3 Nf6 17. cxd5 Bxd3 18. Qxd3 exd5 19. Ne5 Ne4 20. Rac1 Re6 21. f3 Ng3 22. Rfe1 Rae8 23. Ng4 Qe7 24. b4 a6 25. Bc3 Qg5 26. Bd2 Qf5 27. Nf2 Qxd3 28. Nxd3 Nf5 29. Ne5 Bxe5 30. dxe5 Rxe5 31. Kf2 f6 32. g4 Nd6 33. Bc3 R5e6 34. Bd4 Kf7 35. a4 f5 36. Bc5 fxg4 37. hxg4 Nc4 38. b5 axb5 39. axb5 cxb5 40. Rb1 b6 41. Bd4 Ra8 42. Rxb5 Ra2+ 43. Re2 Rxe2+ 44. Kxe2 Rd6 45. Kd3 g6 46. e4 Na3 47. Rxb6 Rxb6 48. Bxb6 dxe4+ 49. Kxe4 Nb5 50. Be3 Kg7 51. Kd5 h5 52. Ke6 h4 53. Bf2 h3 54. Bg3 Nd4+ 55. Ke5 Nxf3+ 56. Kf4 h2 57. Bxh2 Nxh2 58. Kg3 Nf1+ 59. Kf2 Nd2 60. Ke3 Nc4+ 61. Kd4 Nd6 62. Ke5 Nf7+ 63. Ke6 Ng5+ 64. Ke5 Kf7 65. Kf4 Kf6 0-1

[Event "Titled Tuesday intern op 06th Feb Early"]
[Site "Chess.com INT"]
[Date "2024.02.06"]
[Round "9"]
[White "Bilciu, Claudia"]
[Black "Barath, Kalyan M"]
[Result "1-0"]
[WhiteElo "2077"]
[BlackElo "2051"]
[PlyCount "85"]
[EventDate "2024.02.06"]
[EventType "swiss (blitz)"]
[EventRounds "11"]
[EventCountry "USA"]
[SourceTitle "CB07_2024"]
[SourceDate "2024.02.14"]
[SourceVersion "1"]
[SourceVersionDate "2024.02.14"]
[SourceQuality "1"]

1. d4 Nf6 2. Bf4 g6 3. e3 Bg7 4. Nc3 0-0 5. h4 d6 6. h5 Nxh5 7. Rxh5 gxh5 8. Qxh5 e6 9. Bd3 f5 10. Nf3 Qe8 11. Qh2 Qg6 12. 0-0-0 a6 13. Rh1 Nd7 14. e4 Nf6 15. exf5 exf5 16. Bc4+ Kh8 17. Nh4 Qh5 18. Qg3 Ng4 19. f3 Bxd4 20. fxg4 fxg4 21. Qd3 Rxf4 22. Ng6+ Kg7 23. Rxh5 hxg6 24. Rh1 Bf5 25. Qe2 Bf6 26. Nd5 Re4 27. Qf1 Bg5+ 28. Kb1 c6 29. Nc3 Re7 30. Bd3 Rf8 31. Bxf5 Rxf5 32. Qd1 d5 33. Qxg4 Bf6 34. a3 Rg5 35. Qf3 Rf5 36. Qd3 Rf2 37. Rf1 Rxg2 38. Qf3 Bxc3 39. bxc3 Ree2 40. Qf6+ Kh6 41. Rh1+ Rh2 42. Rxh2+ Rxh2 43. Qf4+ 1-0

[Event "Titled Tuesday intern op 06th Feb Early"]
[Site "Chess.com INT"]
[Date "2024.02.06"]
[Round "7"]
[White "Essing, Arnold"]
[Black "Barath, Kalyan M"]
[Result "1/2-1/2"]
[WhiteElo "2216"]
[BlackElo "2051"]
[PlyCount "144"]
[EventDate "2024.02.06"]
[EventType "swiss (blitz)"]
[EventRounds "11"]
[EventCountry "USA"]
[SourceTitle "CB07_2024"]
[SourceDate "2024.02.14"]
[SourceVersion "1"]
[SourceVersionDate "2024.02.14"]
[SourceQuality "1"]

1. d4 Nf6 2. Nf3 g6 3. c4 Bg7 4. Nc3 d6 5. e4 0-0 6. Be2 e5 7. 0-0 Nc6 8. d5 Ne7 9. Ne1 Ne8 10. f3 f5 11. g4 h5 12. h3 Kh7 13. Kg2 Ng8 14. Nd3 Bf6 15. Be3 Bg5 16. Bf2 Nh6 17. Rh1 Bh4 18. Bxh4 Qxh4 19. Qe1 Qf6 20. Qd2 f4 21. Raf1 Kg7 22. c5 Rh8 23. b4 Nf7 24. b5 Qe7 25. cxd6 cxd6 26. Rc1 Nf6 27. a4 Bd7 28. a5 Rh7 29. b6 a6 30. Nb1 Rah8 31. Qc3 hxg4 32. hxg4 Rxh1 33. Rxh1 Rxh1 34. Kxh1 Nxe4 35. fxe4 Qh4+ 36. Kg2 Qg3+ 37. Kf1 f3 38. Nf2 fxe2+ 39. Kxe2 Bxg4+ 40. Nxg4 Qxg4+ 41. Kd3 Ng5 42. Nd2 Nxe4 43. Qc7+ Kh6 44. Nxe4 Qf3+ 45. Kd2 Qxe4 46. Qxd6 Qd4+ 47. Ke1 Qc3+ 48. Ke2 Qc4+ 49. Ke3 Qd4+ 50. Ke2 Qg4+ 51. Ke3 Qf4+ 52. Ke2 Qh2+ 53. Ke3 Qg3+ 54. Ke2 Qg2+ 55. Ke3 Qg5+ 56. Ke2 Qg4+ 57. Ke3 Qf4+ 58. Ke2 Qc4+ 59. Ke3 Qd4+ 60. Ke2 Kh5 61. Qe6 e4 62. d6 Qd3+ 63. Kf2 Qd2+ 64. Kg3 e3 65. Qg4+ Kh6 66. Qf4+ Kg7 67. Qe5+ Kh7 68. Qe7+ Kh6 69. Qh4+ Kg7 70. Qe7+ Kh6 71. Qh4+ Kg7 72. Qe7+ Kh6 1/2-1/2

[Event "Bhubaneswar SOA op 1st"]
[Site "Bhubaneswar"]
[Date "2024.01.30"]
[Round "4"]
[White "Barath, Kalyan M"]
[Black "Subhayan, Kundu"]
[Result "0-1"]
[WhiteElo "2040"]
[BlackElo "2385"]
[PlyCount "90"]
[EventDate "2024.01.28"]
[EventType "swiss"]
[EventRounds "10"]
[EventCountry "IND"]
[SourceTitle "CB06_2024"]
[SourceDate "2024.02.07"]
[SourceVersion "1"]
[SourceVersionDate "2024.02.07"]
[SourceQuality "1"]

1. b3 e5 2. Bb2 Nc6 3. c4 Nge7 4. e3 d5 5. cxd5 Nxd5 6. a3 Be6 7. Qc2 Qd7 8. Nf3 f6 9. Bb5 a6 10. Bxc6 Qxc6 11. Qxc6+ bxc6 12. d4 Rb8 13. Nbd2 exd4 14. Nxd4 Bd7 15. 0-0-0 c5 16. Nc2 Bg4 17. Rde1 Be6 18. g3 Ne7 19. e4 Nc6 20. Re3 Kf7 21. Rc3 Bd6 22. b4 a5 23. f4 axb4 24. Re3 Rhd8 25. Rhe1 Be7 26. f5 Ba2 27. Nf3 Na5 28. Nd2 Rxd2 29. Kxd2 Nc4+ 30. Kc1 bxa3 31. Nxa3 Nxb2 32. R1e2 Nc4 33. Rc3 Nxa3 34. Rxa2 Rb1+ 35. Kd2 Nb5 36. Rcc2 Rb4 37. Kd3 Rd4+ 38. Ke3 c4 39. Ra5 c6 40. Ra4 Bc5 41. Kf4 c3 42. Ra6 Rd2 43. Rc1 h5 44. Rf1 c2 45. Rc1 Rf2# 0-1

[Event "Titled Tuesday intern op 12th Dec Early"]
[Site "Chess.com INT"]
[Date "2023.12.12"]
[Round "1"]
[White "Ambartsumova, Karina"]
[Black "Barath, Kalyan M"]
[Result "1/2-1/2"]
[WhiteElo "2418"]
[BlackElo "2040"]
[PlyCount "114"]
[EventDate "2023.12.12"]
[EventType "swiss (blitz)"]
[EventRounds "11"]
[EventCountry "USA"]
[SourceTitle "CB51_2023"]
[SourceDate "2023.12.20"]
[SourceVersion "1"]
[SourceVersionDate "2023.12.20"]
[SourceQuality "1"]

1. d4 Nf6 2. c4 g6 3. g3 Bg7 4. Bg2 0-0 5. Nc3 d6 6. h3 Nc6 7. Nf3 a6 8. 0-0 Rb8 9. Be3 Bd7 10. b3 e5 11. Rc1 Re8 12. Qd2 exd4 13. Nxd4 Nxd4 14. Bxd4 Bc6 15. f3 h5 16. h4 Kh7 17. e4 Bh6 18. Be3 Bxe3+ 19. Qxe3 Qe7 20. Rcd1 Qf8 21. Qg5 Nd7 22. Qd2 Qh6 23. f4 Nc5 24. Qd4 Qg7 25. e5 Bxg2 26. Kxg2 Ne6 27. Qe3 dxe5 28. f5 Nd4 29. fxg6+ fxg6 30. Ne4 Rf8 31. Rde1 Rf5 32. Ng5+ Kg8 33. Rxf5 Nxf5 34. Qxe5 Qxe5 35. Rxe5 Rd8 36. Re2 Rd3 37. Ne4 Nd4 38. Rf2 Re3 39. Nc5 Nf5 40. Rf3 Re2+ 41. Kh3 Rxa2 42. Nxb7 a5 43. Nc5 Kf7 44. Rd3 Nd6 45. Na6 a4 46. bxa4 Rxa4 47. Nxc7 Rxc4 48. Rxd6 Rxc7 49. Rd4 Kg7 50. Rf4 Rf7 51. Rxf7+ Kxf7 52. Kg2 Kf6 53. Kf3 Kf5 54. Kf2 g5 55. hxg5 Kxg5 56. Kf3 h4 57. gxh4+ Kxh4 1/2-1/2

[Event "Paracin op 16th"]
[Site "Paracin"]
[Date "2023.07.08"]
[Round "3"]
[White "Barath, Kalyan M"]
[Black "Saravanan, Venkat"]
[Result "1/2-1/2"]
[WhiteElo "2020"]
[BlackElo "2298"]
[PlyCount "53"]
[EventDate "2023.07.07"]
[EventType "swiss"]
[EventRounds "9"]
[EventCountry "SRB"]
[SourceTitle "EXT 2024"]
[Source "ChessBase"]
[SourceDate "2023.10.10"]
[SourceVersion "1"]
[SourceVersionDate "2023.10.10"]
[SourceQuality "1"]

1. c4 g6 2. Nc3 Bg7 3. g3 e5 4. Bg2 Nc6 5. d3 d6 6. e4 Be6 7. Nge2 Qd7 8. 0-0 Bh3 9. Nd5 0-0-0 10. b4 h5 11. b5 Nd4 12. Nxd4 exd4 13. f3 Bxg2 14. Kxg2 h4 15. g4 h3+ 16. Kh1 Ne7 17. a4 Nxd5 18. cxd5 f5 19. Bf4 fxg4 20. fxg4 Rdf8 21. Qe2 Rh4 22. Bg3 Qxg4 23. Rxf8+ Bxf8 24. Qxg4+ Rxg4 25. Rf1 Bg7 26. a5 Be5 27. Rf3 1/2-1/2

[Event "Paracin op 16th"]
[Site "Paracin"]
[Date "2023.07.08"]
[Round "2"]
[White "Becker, Marcel"]
[Black "Barath, Kalyan M"]
[Result "1/2-1/2"]
[WhiteElo "2323"]
[BlackElo "2020"]
[PlyCount "73"]
[EventDate "2023.07.07"]
[EventType "swiss"]
[EventRounds "9"]
[EventCountry "SRB"]
[SourceTitle "EXT 2024"]
[Source "ChessBase"]
[SourceDate "2023.10.10"]
[SourceVersion "1"]
[SourceVersionDate "2023.10.10"]
[SourceQuality "1"]

1. d4 Nf6 2. c4 g6 3. Nc3 Bg7 4. e4 d6 5. f3 c5 6. d5 0-0 7. Nge2 e6 8. Ng3 exd5 9. cxd5 h5 10. Bg5 Nbd7 11. Be2 a6 12. a4 Qe8 13. Qd2 Nh7 14. Bh6 h4 15. Nf1 f5 16. Bxg7 Kxg7 17. exf5 h3 18. g3 Ne5 19. Ne3 gxf5 20. f4 Ng4 21. Bxg4 fxg4 22. 0-0 Qg6 23. Rae1 Bd7 24. b4 b6 25. Nc4 Rae8 26. Nxb6 Bf5 27. bxc5 dxc5 28. a5 Bd3 29. Rxe8 Rxe8 30. Re1 Nf6 31. Rxe8 Qxe8 32. Kf2 Ne4+ 33. Nxe4 Qxe4 34. Qe3 Qg2+ 35. Ke1 Qxh2 36. Qe7+ Kg8 37. Qe8+ 1/2-1/2

[Event "Paracin op 16th"]
[Site "Paracin"]
[Date "2023.07.07"]
[Round "1"]
[White "Barath, Kalyan M"]
[Black "Averin, Nikolay"]
[Result "1-0"]
[WhiteElo "2020"]
[BlackElo "2276"]
[PlyCount "48"]
[EventDate "2023.07.07"]
[EventType "swiss"]
[EventRounds "9"]
[EventCountry "SRB"]
[SourceTitle "EXT 2024"]
[Source "ChessBase"]
[SourceDate "2023.10.10"]
[SourceVersion "1"]
[SourceVersionDate "2023.10.10"]
[SourceQuality "1"]

1. b3 d5 2. Bb2 c5 3. e3 Nc6 4. Nf3 Bg4 5. Bb5 Rc8 6. h3 Bxf3 7. Qxf3 e6 8. 0-0 Nf6 9. d3 Be7 10. Nd2 0-0 11. Bxc6 Rxc6 12. Qe2 Nd7 13. c4 Bf6 14. Nf3 Bxb2 15. Qxb2 Qe7 16. Rfd1 Rfc8 17. Rac1 a6 18. Qc2 b5 19. Re1 h6 20. cxb5 axb5 21. b4 c4 22. Nd4 Rb6 23. a4 Ne5 24. dxc4 dxc4 1-0

[Event "Veliko Gradiste Silver Lake op-A"]
[Site "Veliko Gradiste"]
[Date "2023.06.22"]
[Round "6"]
[White "Barath, Kalyan M"]
[Black "Pogorelskikh, Sergey"]
[Result "0-1"]
[WhiteElo "2003"]
[BlackElo "2209"]
[PlyCount "60"]
[EventDate "2023.06.18"]
[EventType "swiss"]
[EventRounds "9"]
[EventCountry "SRB"]
[SourceTitle "CBM 215 Extra"]
[Source "ChessBase"]
[SourceDate "2023.09.30"]
[SourceVersion "1"]
[SourceVersionDate "2023.09.30"]
[SourceQuality "1"]

1. b3 e5 2. Bb2 Nc6 3. c4 Nf6 4. e3 d5 5. cxd5 Nxd5 6. a3 Be6 7. d3 Qd7 8. Nf3 f6 9. Qc2 g5 10. Nc3 0-0-0 11. Be2 g4 12. Nd2 f5 13. Nc4 Nxc3 14. Bxc3 Bd6 15. b4 a6 16. Qb2 Rhg8 17. a4 f4 18. b5 Nb8 19. Nxe5 Bxe5 20. Bxe5 f3 21. Rc1 fxe2 22. Rxc7+ Qxc7 23. Bxc7 Kxc7 24. Qe5+ Kd7 25. Kxe2 Rc8 26. Rb1 a5 27. Qe4 Rc2+ 28. Ke1 Rf8 29. Qxh7+ Kd6 30. e4 Nd7 0-1

[Event "Veliko Gradiste Silver Lake op-A"]
[Site "Veliko Gradiste"]
[Date "2023.06.20"]
[Round "4"]
[White "Djokic, Mihailo"]
[Black "Barath, Kalyan M"]
[Result "0-1"]
[WhiteElo "2192"]
[BlackElo "2003"]
[PlyCount "65"]
[EventDate "2023.06.18"]
[EventType "swiss"]
[EventRounds "9"]
[EventCountry "SRB"]
[SourceTitle "CBM 215 Extra"]
[Source "ChessBase"]
[SourceDate "2023.09.30"]
[SourceVersion "1"]
[SourceVersionDate "2023.09.30"]
[SourceQuality "1"]

1. e4 c5 2. Na3 Nc6 3. Nf3 e5 4. Nc4 d6 5. c3 Nf6 6. d3 g6 7. a4 Bg7 8. g3 0-0 9. Bg2 h6 10. 0-0 Be6 11. Re1 Qc7 12. Nh4 d5 13. Ne3 Rad8 14. exd5 Nxd5 15. Nxd5 Bxd5 16. Be3 Bxg2 17. Kxg2 c4 18. Qc1 Na5 19. dxc4 Nb3 20. Qc2 Nxa1 21. Rxa1 Qxc4 22. Bxa7 Rd3 23. Kg1 Rfd8 24. Be3 Qe4 25. Qb3 g5 26. Ng2 Qf3 27. h4 gxh4 28. gxh4 R8d6 29. Kh2 Rg6 30. Rg1 Rxe3 31. Nxe3 Qf4+ 32. Rg3 Qxf2+ 33. Rg2 0-1

[Event "Veliko Gradiste Silver Lake op-A"]
[Site "Veliko Gradiste"]
[Date "2023.06.19"]
[Round "2"]
[White "Demirkol, Kerim Calvelo"]
[Black "Barath, Kalyan M"]
[Result "0-1"]
[WhiteElo "1689"]
[BlackElo "2003"]
[PlyCount "104"]
[EventDate "2023.06.18"]
[EventType "swiss"]
[EventRounds "9"]
[EventCountry "SRB"]
[SourceTitle "CBM 215 Extra"]
[Source "ChessBase"]
[SourceDate "2023.09.30"]
[SourceVersion "1"]
[SourceVersionDate "2023.09.30"]
[SourceQuality "1"]

1. d4 Nf6 2. c4 g6 3. g3 Bg7 4. Bg2 0-0 5. Nc3 d6 6. Nf3 Nc6 7. d5 Na5 8. b3 c5 9. Bb2 a6 10. 0-0 Rb8 11. Nd2 b5 12. cxb5 axb5 13. Qc2 Ba6 14. Nde4 b4 15. Nxf6+ exf6 16. Nd1 Re8 17. Ne3 f5 18. Bxg7 Kxg7 19. Rab1 Qf6 20. Bf3 Re7 21. Nc4 Nxc4 22. bxc4 Ra8 23. Rfc1 Rea7 24. Qb2 Bc8 25. Rc2 Bd7 26. Qxf6+ Kxf6 27. Rbb2 Ra3 28. e3 Rc3 29. Be2 Raa3 30. Kg2 Ba4 31. Rd2 Rc1 32. h4 h5 33. Bd3 Rac3 34. Kf3 Bd1+ 35. Kg2 Ke5 36. f3 Ba4 37. Kf2 Rh1 38. Bf1 Rc1 39. Bg2 Rhg1 40. Re2 Rgd1 41. e4 f4 42. gxf4+ Kxf4 43. e5 dxe5 44. Bh3 Rxc4 45. Rbd2 Rxd2 46. Rxd2 Rd4 47. Rxd4+ exd4 48. d6 f5 49. Bf1 Ke5 50. Bc4 Be8 51. f4+ Kxd6 52. Ke2 Ke7 0-1

[Event "IND-ch 59th"]
[Site "New Delhi"]
[Date "2022.12.29"]
[Round "8"]
[White "Barath, Kalyan M"]
[Black "Khalid, Amin"]
[Result "1-0"]
[WhiteElo "2061"]
[BlackElo "1753"]
[PlyCount "67"]
[EventDate "2022.12.22"]
[EventType "swiss"]
[EventRounds "13"]
[EventCountry "IND"]
[SourceTitle "CBM 211 Extra"]
[Source "ChessBase"]
[SourceDate "2023.01.31"]
[SourceVersion "1"]
[SourceVersionDate "2023.01.31"]
[SourceQuality "1"]

1. Nf3 b6 2. g3 Bb7 3. Bg2 e5 4. 0-0 e4 5. Nd4 c5 6. Nb3 f5 7. c4 Nf6 8. d3 Qc8 9. Nc3 Bc6 10. Bg5 Be7 11. dxe4 fxe4 12. Qc2 0-0 13. Nxe4 h6 14. Nxf6+ Bxf6 15. Bxf6 Rxf6 16. e4 Na6 17. e5 Rf8 18. f4 Nb4 19. Qe2 a5 20. a3 Bxg2 21. Qxg2 Nc6 22. Rad1 a4 23. Nc1 Nd4 24. Ne2 Nf5 25. Rd3 Qa6 26. Rc1 Rad8 27. g4 Nh4 28. Qd5+ Kh8 29. Rf1 Qc8 30. f5 Rde8 31. Rh3 Qd8 32. Nf4 Kh7 33. f6 gxf6 34. Rxh4 1-0

[Event "Krakow op-A 32nd"]
[Site "Krakow"]
[Date "2022.01.04"]
[Round "9"]
[White "Dev, Shah"]
[Black "Barath, Kalyan M"]
[Result "1/2-1/2"]
[WhiteElo "2243"]
[BlackElo "2103"]
[PlyCount "45"]
[EventDate "2021.12.27"]
[EventType "swiss"]
[EventRounds "9"]
[EventCountry "POL"]
[SourceTitle "EXT 2023"]
[Source "ChessBase"]
[SourceDate "2022.10.05"]
[SourceVersion "1"]
[SourceVersionDate "2022.10.05"]
[SourceQuality "1"]

1. d4 Nf6 2. c4 e6 3. Nf3 Bb4+ 4. Bd2 Qe7 5. g3 Nc6 6. Bg2 Bxd2+ 7. Nbxd2 d6 8. 0-0 a5 9. e4 e5 10. d5 Nb8 11. Ne1 0-0 12. Nd3 Nbd7 13. f4 b6 14. Qc2 Nc5 15. Rae1 Nfd7 16. f5 Nxd3 17. Qxd3 Nc5 18. Qe3 f6 19. b3 Bd7 20. a4 g5 21. g4 Qg7 22. Bf3 Kf7 23. Rf2 1/2-1/2

[Event "Krakow op-A 32nd"]
[Site "Krakow"]
[Date "2021.12.30"]
[Round "4"]
[White "Mis, Mieszko"]
[Black "Barath, Kalyan M"]
[Result "1/2-1/2"]
[WhiteElo "2417"]
[BlackElo "2103"]
[PlyCount "111"]
[EventDate "2021.12.27"]
[EventType "swiss"]
[EventRounds "9"]
[EventCountry "POL"]
[SourceTitle "EXT 2023"]
[Source "ChessBase"]
[SourceDate "2022.10.05"]
[SourceVersion "1"]
[SourceVersionDate "2022.10.05"]
[SourceQuality "1"]

1. d4 Nf6 2. c4 e6 3. Nc3 Bb4 4. e3 0-0 5. Bd2 c5 6. a3 Bxc3 7. Bxc3 Ne4 8. Ne2 d6 9. dxc5 dxc5 10. Qc2 Nxc3 11. Nxc3 Nc6 12. Bd3 f5 13. 0-0-0 Qe7 14. g4 Ne5 15. gxf5 Nxd3+ 16. Rxd3 exf5 17. Rhd1 Be6 18. Nd5 Qf7 19. Nf4 Rae8 20. Qc3 b6 21. Rd6 Re7 22. b3 Rfe8 23. h4 Rd7 24. Rxd7 Bxd7 25. Rg1 Rf8 26. Nh5 g6 27. Rd1 Qe7 28. Kb2 Bc8 29. Rg1 Kf7 30. Qg7+ Ke8 31. Qxe7+ Kxe7 32. Nf4 Rg8 33. Kc3 Be6 34. Nd3 a5 35. Ne5 Kf6 36. f4 h6 37. Rh1 Rc8 38. Nf3 Rd8 39. Rg1 Rd7 40. Ne5 Rg7 41. Rh1 Rg8 42. Rh2 Rg7 43. b4 axb4+ 44. axb4 Ra7 45. bxc5 bxc5 46. Rg2 Bf7 47. Rb2 Be6 48. Rg2 Bf7 49. Rb2 Be6 50. Rb6 Ra3+ 51. Kd2 Ra2+ 52. Kc3 Ra3+ 53. Kd2 Ra2+ 54. Kd3 Ra3+ 55. Ke2 g5 56. hxg5+ 1/2-1/2

[Event "Sitges Sunway op 8th"]
[Site "Sitges"]
[Date "2021.12.16"]
[Round "4"]
[White "Sorensen, Hampus"]
[Black "Barath, Kalyan M"]
[Result "1/2-1/2"]
[WhiteElo "2379"]
[BlackElo "2103"]
[PlyCount "109"]
[EventDate "2021.12.13"]
[EventType "swiss"]
[EventRounds "10"]
[EventCountry "ESP"]
[SourceTitle "CBM 205 Extra"]
[Source "ChessBase"]
[SourceDate "2022.01.31"]
[SourceVersion "1"]
[SourceVersionDate "2022.01.31"]
[SourceQuality "1"]

1. e4 c5 2. Nf3 d6 3. Bb5+ Bd7 4. Bxd7+ Qxd7 5. 0-0 Nf6 6. Re1 Nc6 7. c3 e6 8. d4 cxd4 9. cxd4 d5 10. e5 Ne4 11. Nbd2 Nxd2 12. Bxd2 Be7 13. h4 a5 14. h5 0-0 15. h6 g6 16. Be3 a4 17. Nh2 Rfc8 18. Ng4 Na5 19. b3 a3 20. Qf3 Qd8 21. Bd2 Nc6 22. Qf4 Nb8 23. Qe3 Nd7 24. Rec1 b5 25. Qd3 Qb6 26. g3 b4 27. Be3 Qb7 28. Qd2 Rab8 29. Bg5 Bf8 30. Qd3 Ra8 31. Kh2 Rab8 32. Ne3 Ra8 33. Qd2 Qa6 34. Ng4 Qa5 35. Qe2 Rc3 36. Bd2 Rcc8 37. Qd3 Qb6 38. Rxc8 Rxc8 39. Rc1 Rxc1 40. Bxc1 Be7 41. Be3 Qc6 42. Qd2 Qc3 43. Qe2 Qc6 44. Qd3 Kf8 45. Bd2 Ke8 46. Ne3 Nb8 47. Nc2 Qa6 48. Qxa6 Nxa6 49. Kh3 Kd7 50. Kg4 Kc6 51. Kf3 Kb5 52. Ke2 Nb8 53. Kd3 Nc6 54. g4 f6 55. f4 1/2-1/2

[Event "Benidorm op-A"]
[Site "Benidorm"]
[Date "2021.12.11"]
[Round "8"]
[White "Barath, Kalyan M"]
[Black "Mannion, Stephen R"]
[Result "1/2-1/2"]
[WhiteElo "2103"]
[BlackElo "2267"]
[PlyCount "60"]
[EventDate "2021.12.04"]
[EventType "swiss"]
[EventRounds "9"]
[EventCountry "ESP"]
[SourceTitle "CBM 205 Extra"]
[Source "ChessBase"]
[SourceDate "2022.01.31"]
[SourceVersion "1"]
[SourceVersionDate "2022.01.31"]
[SourceQuality "1"]

1. Nf3 d5 2. d4 Nf6 3. c4 dxc4 4. e3 Bg4 5. Bxc4 e6 6. Nc3 Nc6 7. Qb3 Bxf3 8. gxf3 a6 9. d5 exd5 10. Nxd5 b5 11. Nxf6+ Qxf6 12. Bd5 0-0-0 13. Bd2 Qd6 14. Bxc6 Qxd2+ 15. Kf1 Qd3+ 16. Qxd3 Rxd3 17. Ke2 Rd8 18. Rhd1 Be7 19. a4 b4 20. b3 a5 21. f4 Bf6 22. Rac1 Bc3 23. Rxd8+ Rxd8 24. Rd1 Rxd1 25. Kxd1 Kd8 26. Ke2 Ke7 27. Bd5 f6 28. Bg8 h6 29. f5 Kd6 30. f4 Bb2 1/2-1/2

[Event "Benidorm op-A"]
[Site "Benidorm"]
[Date "2021.12.08"]
[Round "5"]
[White "Davtyan, David"]
[Black "Barath, Kalyan M"]
[Result "1/2-1/2"]
[WhiteElo "2337"]
[BlackElo "2103"]
[PlyCount "79"]
[EventDate "2021.12.04"]
[EventType "swiss"]
[EventRounds "9"]
[EventCountry "ESP"]
[SourceTitle "CBM 205 Extra"]
[Source "ChessBase"]
[SourceDate "2022.01.31"]
[SourceVersion "1"]
[SourceVersionDate "2022.01.31"]
[SourceQuality "1"]

1. d4 Nf6 2. c4 e6 3. Nc3 Bb4 4. f3 d6 5. e4 0-0 6. Nge2 c5 7. d5 b5 8. Nf4 e5 9. Nfe2 Nh5 10. g4 Qh4+ 11. Kd2 Nf4 12. Nxf4 exf4 13. Kc2 Bxc3 14. bxc3 h5 15. Bxf4 Qf6 16. Qd2 hxg4 17. fxg4 b4 18. g5 Qe7 19. Bd3 Nd7 20. h4 Ne5 21. Qh2 Nxd3 22. Kxd3 f5 23. e5 dxe5 24. Rae1 e4+ 25. Ke3 Ba6 26. Qe2 Rfd8 27. Qh5 Bxc4 28. g6 Qf6 29. Bg5 Qxc3+ 30. Kf2 Qd4+ 31. Be3 Qxd5 32. Rc1 f4 33. Qh7+ Kf8 34. Kg2 fxe3 35. Rhf1+ Ke8 36. Qxg7 Qg8 37. Qf6 Qe6 38. Rxc4 Qg4+ 39. Kh1 Qh3+ 40. Kg1 1/2-1/2

[Event "Tamil Nadu-ch 68th"]
[Site "Tirunelveli"]
[Date "2021.04.01"]
[Round "7"]
[White "Barath, Kalyan M"]
[Black "Shadhursshaan, R."]
[Result "1/2-1/2"]
[WhiteElo "2135"]
[BlackElo "1521"]
[PlyCount "86"]
[EventDate "2021.03.29"]
[EventType "swiss"]
[EventRounds "9"]
[EventCountry "IND"]
[SourceTitle "EXT 2022"]
[Source "ChessBase"]
[SourceDate "2021.10.06"]
[SourceVersion "1"]
[SourceVersionDate "2021.10.06"]
[SourceQuality "1"]

1. Nf3 d5 2. d4 c5 3. e3 Nf6 4. c3 e6 5. Bd3 Bd6 6. 0-0 0-0 7. Nbd2 b6 8. dxc5 Bxc5 9. e4 dxe4 10. Nxe4 Nbd7 11. Bg5 Bb7 12. Bxf6 Nxf6 13. Nxc5 bxc5 14. Qe2 Qd5 15. Rfd1 Qh5 16. Ne5 Qg5 17. g3 Nd5 18. h4 Qe7 19. Be4 Rfd8 20. c4 Nf6 21. Bxb7 Qxb7 22. b3 a5 23. Rxd8+ Rxd8 24. Rd1 Qc7 25. Rd3 h6 26. Qe3 Rxd3 27. Nxd3 Nd7 28. Kg2 Qc6+ 29. Qf3 Qa6 30. Qe3 a4 31. Ne5 axb3 32. axb3 Nxe5 33. Qxe5 Qc6+ 34. f3 Qb6 35. Qe3 Qb4 36. h5 Qb6 37. g4 Qd6 38. Qe4 Qd2+ 39. Kg3 Qc3 40. Qa8+ Kh7 41. Qe4+ Kg8 42. Qa8+ Kh7 43. Qe4+ Kg8 1/2-1/2